Alice in Wonderland

Bibliographic Details
Format: Book
Published: India : Fortune Books , 2004
Series:Fortune illustrated tales for children
Subjects:

MARC

LEADER 00000cam a2200000 7i4500
001 0000003105
005 20151222.0
008 070717
020 |a 8181990269 
090 0 0 |a JF   |b ENG 
245 1 0 |a Alice in Wonderland 
260 |a India :   |b Fortune Books ,   |c 2004 
440 |a Fortune illustrated tales for children 
500 |a Children ages 10-12 years old (pink) 
650 0 |a Classic tale 
650 0 |a Junior fiction   |x English   |x Languages 
999 |a 0000960229   |b Book   |c Children Collection   |e Perbadanan Perpustakaan Awam Johor 
999 |a 0000960230   |b Book   |c Children Collection   |e Cawangan Pontian 
999 |a 0000960231   |b Book   |c Children Collection   |e Perbadanan Perpustakaan Awam Johor 
999 |a 0001130811   |b Book   |c Children Collection   |e Cawangan Bandar Penawar 
999 |a 0001267420   |b Book   |c Children Collection   |e Cawangan Bandar Penawar